County Donegal Quiz - Statistics

General Stats
  • This quiz has been taken 16 times
  • The average score is 13 of 20
Answer Stats
Hint Answer % Correct
Bordering counties Derry/Londonderry
100%
Bordering counties Fermanagh
100%
World famous singer particularly popular with ladies of a certain age Daniel O'Donnell
93%
Bordering counties Tyrone
93%
Province that Donegal is in Ulster
93%
2500km tourist trail stretching from Donegal to Kinsale, County Cork Wild Atlantic Way
93%
Biggest town in Donegal with a population of 22,000 Letterkenny
87%
Mainland Ireland's most northerly point Malin Head
87%
Bordering counties Leitrim
80%
Ireland's largest fishing port Killybegs
67%
Largest and most northern peninsula in Ireland Inishowen
60%
Irish goalkeeper who was a hero in the victory against England in the 1988 World Cup Packie Bonner
60%
Cliffs that are more than double the height of the more famous Cliffs of Moher Slieve League
60%
County town of Donegal Lifford
53%
Irish goalkeeper who is Ireland's second most capped footballer Shay Given
53%
Ancient name for Donegal, was also the official name briefly in the 1920s Tyrconnell
53%
Large body of water on the eastern border Lough Foyle
33%
Considered Ireland's first rock star, widely considered to be one of the greatest blues guitarists of all time Rory Gallagher
33%
Ancient hillfort on Greenan Mountain, restored in the 19th century; one of the royal sites of Celtic Ireland Grianán of Aileach
20%
Playwright buried in Glenties, author of "Translations" and "The Faith Healer" among others Brien Friel
13%
No matching quizzes found
Score Distribution
Percent of People with Each Score
Percentile by Number Answered
Your Score History
You have not taken this quiz